| 000 | 00406nam a22001337a 4500 | ||
|---|---|---|---|
| 008 | 170620b xxu||||| |||| 00| 0 eng d | ||
| 020 | _a9789951079785 | ||
| 041 | _aalb | ||
| 080 | _a617 | ||
| 100 | _a7 | ||
| 101 | _aSHM | ||
| 245 |
_aKORRELACIONI NDERMJET TE DHENAVE KLINIKE, RADIOLOGJIKE, ENDOSKOPIKE, HISTOPATOLOGJIKE DHE TE TRETMANIT KIRURGJIK TE KANCERI I LUKTHIT _cKRASNIQI, S.SH |
||
| 942 |
_2udc _cBK |
||
| 999 |
_c18271 _d18271 |
||